Prinzipien des deutschen Wirtschaftssystems

Enregistré dans:
Détails bibliographiques
Auteur principal: Siebert, Horst
Format: Livre
Langue:allemand
Publié: Kiel Institut für Weltwirtschaft 1990
Collection:Arbeitspapier Nr. 445
Tags: Ajouter un tag
Pas de tags, Soyez le premier à ajouter un tag!

MARC

LEADER 00000nam a2200000 4500
001 c032506
005 20250526075445.2
041 0 |a ger 
044 |a DE 
245 1 0 |a Prinzipien des deutschen Wirtschaftssystems  |c Horst Siebert 
264 1 |a Kiel  |b Institut für Weltwirtschaft  |c 1990 
300 |a 33 s. 
490 1 |a Arbeitspapier  |v Nr. 445 
830 0 |a Arbeitspapier  |v Nr. 445 
100 1 |a Siebert, Horst